| 000 | 00511cam a2200193 i 4500 | ||
|---|---|---|---|
| 020 | _a2225441987 : | ||
| 040 | _cDLC | ||
| 082 | 0 | 0 |
_a591 MAS 1977 A080 Or. _a595.76/9 |
| 100 | 1 | _aDajoz, Roger. | |
| 245 | 1 | 0 |
_aColéoptères : _bColydiidae et Anommatidae paléarctiques / |
| 260 |
_aParis : _bMasson, _c1977. |
||
| 300 |
_a280 p. : _bill. ; _c24 cm. |
||
| 500 | _aIncludes indexes. | ||
| 650 | 0 | _aCylindrical bark beetles | |
| 650 | 0 | _aBothrideridae | |
| 650 | 0 | _aInsects | |
| 650 | 0 | _aInsects | |
| 942 | _cFB | ||
| 999 |
_c15748 _d15748 |
||